| 000 | 00549nam a22001577a 4500 | ||
|---|---|---|---|
| 005 | 20120426123053.0 | ||
| 020 | _c250.00 | ||
| 035 | _aB-122223 | ||
| 037 |
_aDPL _bENG |
||
| 100 |
_aBawa, Poonam _945791 |
||
| 245 |
_aHindu revivalism : _bIts ideological roots of nationalism / _cby Poonam Bawa |
||
| 260 |
_aJodhpur _bBooks Treasure _c2004 |
||
| 300 |
_a176p. _c20 cms. |
||
| 942 |
_2ddc _cEN _h320.55 _mBAW |
||
| 999 |
_c65673 _d65673 |
||